Statistics for all russian subjects

Click here to take the quiz!

General Stats

  • This quiz has been taken 14 times
  • The average score is 44 of 85

Answer Stats

Answer% Correct
moscow
92%
federal citiesmoscow
92%
saint petersburg
83%
kraisaltai krai
75%
altai republic
75%
autonomous oblastjewish autonomous oblast
75%
kaliningrad
75%
magadan
75%
nizhny novgorod
75%
astrakhan
67%
(disputed)crimea
67%
karelia
67%
murmansk
67%
novosibirsk
67%
perm
67%
rostov
67%
sakha
67%
sakhalin
67%
sevastopol
67%
tomsk
67%
oblastamur
58%
arkhangelsk
58%
bashkortostan
58%
irkutsk
58%
karachay-cherkess
58%
kursk
58%
north ossetia-alania
58%
novgorod
58%
omsk
58%
tatarstan
58%
tyumen
58%
republicadygea
50%
buryatia
50%
chechen
50%
chelyabinsk
50%
chuvash
50%
dagestan
50%
ivanovo
50%
komi
50%
kostroma
50%
krasnodar
50%
krasnoyarsk
50%
leningrad
50%
mari el
50%
orenburg
50%
primorsky
50%
samara
50%
saratov
50%
smolensk
50%
sverdlovsk
50%
tula
50%
tuva
50%
tver
50%
udmurtia
50%
vladimir
50%
belgorod
42%
bryansk
42%
autonomous okrugschukotka
42%
ingushetia
42%
kabardino-balkar
42%
kalmykia
42%
kamchatka
42%
khabarovsk
42%
khakassia
42%
kirov
42%
lipetsk
42%
mordovia
42%
nenets
42%
penza
42%
stavropol
42%
yamalo-nenets
42%
yaroslavl
42%
zabaykalsky
42%
kaluga
33%
kemerovo
33%
khanty-mansi
33%
oryol
33%
pskov
33%
ryazan
33%
tambov
33%
ulyanovsk
33%
vologda
33%
kurgan
25%
voronezh
25%
volgorad
8%

Score Distribution

Percentile by Number Answered

Percent of People with Each Score

Your Score History

You have not taken this quiz